| 000 | 01256cam a2200337 a 4500 | ||
|---|---|---|---|
| 001 | 15077186 | ||
| 003 | ARRUPE | ||
| 005 | 20151029114313.0 | ||
| 008 | 071109s2007 enk b 001 0 eng d | ||
| 010 | _a 2007299992 | ||
| 015 |
_aGBA6A2321 _2bnb |
||
| 016 | 7 |
_a013618747 _2Uk |
|
| 020 | _a9780567031211 (pbk. : alk. paper) | ||
| 020 | _a0567031217 (pbk. : alk. paper) | ||
| 035 | _a(OCoLC)ocm76935937 | ||
| 040 |
_aUKM _cUKM _dBAKER _dYDXCP _dBTCTA _dGHS _dIHT _dC#P _dBWK _dDLC |
||
| 042 | _alccopycat | ||
| 050 | 0 | 0 |
_aBX9890.U256 _bG855 2007 |
| 082 | 0 | 0 |
_a252/042 _222 |
| 100 | 1 |
_aGunton, Colin E. _99147 |
|
| 245 | 1 | 4 |
_aThe theologian as preacher : _bfurther sermons from Colin E. Gunton / _cColin E. Gunton ; edited by Sarah J. Gunton and John E. Colwell ; introduction by Stephen R. Holmes. |
| 260 |
_aLondon ; _aNew York : _bT & T Clark, _cc2007. |
||
| 300 |
_axxiii, 166 p. ; _c22 cm. |
||
| 504 | _aIncludes bibliographical references and index. | ||
| 650 | 0 |
_aSermons, English. _91356 |
|
| 700 | 1 |
_aGunton, Sarah J. _920726 |
|
| 700 | 1 |
_aColwell, John. _920727 |
|
| 906 |
_a7 _bcbc _ccopycat _d2 _encip _f20 _gy-gencatlg |
||
| 942 |
_2lcc _cMONOGRAPH |
||
| 999 |
_c123677 _d123677 |
||